Datum a čas kvízu
26
Celkem bodů
Celkový počet nahraných bodů na tomto kvízu bez doplňovacích otázek.
6.
Pořadí na kvízu
Konečné umístění týmu na tomto kvízu.
Zaznamenané odpovědi
| # | Otázka | Odpověď | Body | Výsledky |
|---|---|---|---|---|
| 1. | Na půdě Poslanecké sněmovny se... | obrázek Milady Horákové | 1 | |
| 2. | Švýcarská policie pátrá po člo... | zlato | 0 | |
| 3. | Prezident Zeman ve středu pode... | Petr Jarchovský | 0 | |
| 4. | Řetězec Kaufland spouští onlin... | Košík.cz | 0 | |
| 5. | Aktuální sezóna fotbalové Ligy... | v Lisabonu | 1 | |
| 6. | Napište dvě řecké předpony pou... | mega, mikro | 1 | |
| 7. | První záchytný bod v původní č... | 320 000 Kč | 1 | |
| 8. | Uveďte právní formu Milionu ch... | B | 1 | |
| 9. | V žebříčku deseti měst USA s v... | San Antonio, San Diego, San Jose | 0.5 | |
| 10. | Slunce je od Země vzdáleno zhr... | 8 minut | 1 |